000 00969nam a22002414a 4500
005 20081119070302.0
008 080718s2008 cau b 001 0 eng
010 _aENG-92434
020 _a9788178298702 (hdbk.)
_c695.00
035 _aEN-75967
037 _bDBAD / PUB
040 _adpl
_bEnglish
082 _a327.54
245 _aInternational relations in South Asia :
_bsearch for an alternative paradigm /
_cedited by Navnita Chadha Behera.
260 _aNew Delhi
_bSage Publications,
_c2008.
300 _avi, 342 p. ;
_c22 cm (Hb)
504 _aIncludes index.
650 _aInternational relations
_xStudy and teaching
_zSouth Asia.
651 _aSouth Asia
_xPolitics and government.
700 _aBehera, Navnita Chadha.
942 _2ddc
_cEN
_h327.54
_mINT
999 _c20795
_d20795